Capitals to Last Letter of Country- Asia - Statistics

General Stats
  • This quiz has been taken 17 times
    14 since last reset
  • The average score is 42 of 48
Answer Stats
Hint Answer % Correct
Abu Dhabi S
100%
New Delhi A
93%
Tashkent N
93%
Tehran N
93%
Seoul A
86%
Yerevan A
86%
Sri JayawardenepuraKotte A
86%
Ulaanbaatar A
86%
Kuala Lumpur A
86%
Beijing A
86%
Tbilisi A
86%
Pyongyang A
86%
Riyadh A
86%
Phnom Penh A
86%
Damascus A
86%
Jakarta A
86%
Bangkok D
86%
Singapore E
86%
Singapore E
86%
Dhaka H
86%
Bandar SeriBegawan I
86%
Jerusalem L
86%
Kathmandu L
86%
Hanoi M
86%
Muscat N
86%
Amman N
86%
Manama N
86%
Sana'a N
86%
Bishkek N
86%
Taipei N
86%
Baku N
86%
Islamabad N
86%
Beirut N
86%
Thimphu N
86%
Astana N
86%
Ashgabat N
86%
Kabul N
86%
Tokyo N
86%
Dushanbe N
86%
Doha R
86%
Naypyidaw R
86%
Dili R
86%
Nicosia S
86%
Manila S
86%
Malé S
86%
Vientiane S
86%
Kuwait City T
86%
Ankara Y
86%
No matching quizzes found
Score Distribution
Percent of People with Each Score
Percentile by Number Answered
Your Score History
You have not taken this quiz since the last reset